You can change : (Record no. 19754)
[ view plain ]
| 000 -LEADER | |
|---|---|
| fixed length control field | 01401cam a22002894a 4500 |
| 001 - CONTROL NUMBER | |
| control field | 15850417 |
| 003 - CONTROL NUMBER IDENTIFIER | |
| control field | OSt |
| 005 - DATE AND TIME OF LATEST TRANSACTION | |
| control field | 20221101110910.0 |
| 008 - FIXED-LENGTH DATA ELEMENTS--GENERAL INFORMATION | |
| fixed length control field | 090804s2010 ilu b 001 0 eng |
| 010 ## - LIBRARY OF CONGRESS CONTROL NUMBER | |
| LC control number | 2009030370 |
| 020 ## - INTERNATIONAL STANDARD BOOK NUMBER | |
| International Standard Book Number | 1844743032 |
| 035 ## - SYSTEM CONTROL NUMBER | |
| System control number | (OCoLC)ocn401153137 |
| 040 ## - CATALOGING SOURCE | |
| Original cataloging agency | DLC |
| Transcribing agency | DLC |
| Modifying agency | BTCTA |
| -- | TXA |
| -- | DLC |
| 042 ## - AUTHENTICATION CODE | |
| Authentication code | pcc |
| 050 00 - LIBRARY OF CONGRESS CALL NUMBER | |
| Classification number | BV4599.5 |
| Item number | .C44 2008 |
| 100 1# - MAIN ENTRY--PERSONAL NAME | |
| Personal name | Chester, Tim. |
| 245 10 - TITLE STATEMENT | |
| Title | You can change : |
| Remainder of title | God's transforming power for our sinful behavior and negative emotions / |
| Statement of responsibility, etc. | Tim Chester. |
| 260 ## - PUBLICATION, DISTRIBUTION, ETC. (IMPRINT) | |
| Place of publication, distribution, etc. | England |
| Name of publisher, distributor, etc. | IVP |
| Date of publication, distribution, etc. | 2008 |
| 300 ## - PHYSICAL DESCRIPTION | |
| Extent | 204 p. ; |
| 504 ## - BIBLIOGRAPHY, ETC. NOTE | |
| Bibliography, etc | Includes bibliographical references (p. 181-186) and scripture index. |
| 505 0# - FORMATTED CONTENTS NOTE | |
| Formatted contents note | What would you like to change? -- Why would you like to change? -- How are you going to change? -- When do you struggle? -- What truths do you need to turn to? -- What desires do you need to turn from? -- What stops you from changing? -- What strategies will reinforce your faith and repentance? -- How can we support one another in changing? -- Are you ready for a lifetime of daily change? |
| 650 #0 - SUBJECT ADDED ENTRY--TOPICAL TERM | |
| Topical term or geographic name as entry element | Christian life. |
| 650 #0 - SUBJECT ADDED ENTRY--TOPICAL TERM | |
| Topical term or geographic name as entry element | Change (Psychology) |
| General subdivision | Religious aspects |
| -- | Christianity. |
| 906 ## - LOCAL DATA ELEMENT F, LDF (RLIN) | |
| a | 7 |
| b | cbc |
| c | orignew |
| d | 1 |
| e | ecip |
| f | 20 |
| g | y-gencatlg |
| 942 ## - ADDED ENTRY ELEMENTS (KOHA) | |
| Source of classification or shelving scheme | Library of Congress Classification |
| Koha item type | General Collection |
| Withdrawn status | Lost status | Source of classification or shelving scheme | Not for loan | Home library | Current library | Date acquired | Cost, normal purchase price | Total Checkouts | Total Renewals | Full call number | Barcode | Date last seen | Date last checked out | Price effective from | Koha item type |
|---|---|---|---|---|---|---|---|---|---|---|---|---|---|---|---|
| Library of Congress Classification | Kabarak, Main Campus | Kabarak, Main Campus | 01/11/2022 | 700.00 | 2 | 1 | BV4599.5 .C44 2008 c.1 | 031798 | 08/01/2024 | 14/12/2023 | 01/11/2022 | General Collection |